[Event "Thessaloniki White Tower op-A 44th"]
[Site "Thessaloniki"]
[Date "2024.01.03"]
[Round "2"]
[White "Zamit, Kyriakos"]
[Black "Tsikrikonis, Panagiotis"]
[Result "0-1"]
[WhiteElo "1738"]
[BlackElo "1945"]
[PlyCount "144"]
[EventDate "2024.01.02"]
[EventType "swiss"]
[EventRounds "9"]
[EventCountry "GRE"]
[SourceTitle "CB02_2024"]
[SourceDate "2024.01.10"]
[SourceVersion "1"]
[SourceVersionDate "2024.01.10"]
[SourceQuality "1"]

1. e4 d5 2. exd5 Qxd5 3. Nc3 Qd6 4. g3 c6 5. Bg2 Bf5 6. d3 Nd7 7. Qe2 e6 8. g4 Bg6 9. h4 h5 10. g5 Bf5 11. Nh3 Qc7 12. Bd2 g6 13. Ne4 Bg7 14. Bc3 Bxc3+ 15. Nxc3 Ne7 16. Ne4 Nd5 17. Qd2 0-0-0 18. 0-0-0 Bg4 19. Rde1 c5 20. Nc3 Nxc3 21. Qxc3 Rhe8 22. Kb1 Bf5 23. Be4 Bg4 24. f3 Bxh3 25. Rxh3 Nb6 26. Rhh1 Rd4 27. Qa5 a6 28. b3 Red8 29. c3 R4d6 30. Kc2 Nd5 31. Qxc7+ Nxc7 32. Rh2 b6 33. a4 a5 34. f4 Ne8 35. Re3 Kc7 36. Bg2 R6d7 37. Bh3 Nd6 38. Rhe2 Nc8 39. Bg2 Ne7 40. Be4 Kd6 41. Re1 Nc8 42. R1e2 Re7 43. Re1 Kd7 44. Bg2 Nd6 45. Rh3 Rde8 46. Kd2 Kc7 47. Rhe3 Nf5 48. Rh3 e5 49. fxe5 Rxe5 50. Rxe5 Rxe5 51. Be4 Kd6 52. Ke2 Ke7 53. Kf3 Nd6 54. Kf4 Re6 55. Re3 b5 56. d4 c4 57. Bd5 Rxe3 58. Kxe3 cxb3 59. Bxb3 bxa4 60. Bxa4 Nf5+ 61. Kf4 Nxh4 62. c4 Nf5 63. Ke5 h4 64. c5 h3 65. d5 h2 66. d6+ Kd8 67. Bc6 a4 68. Bb7 Ng7 69. c6 Ne8 70. c7+ Nxc7 71. dxc7+ Kxc7 72. Be4 a3 0-1

[Event "Thessaloniki White Tower op 40th"]
[Site "Thessaloniki"]
[Date "2018.01.02"]
[Round "1"]
[White "Magalashvili, Davit"]
[Black "Tsikrikonis, Panagiotis"]
[Result "1-0"]
[WhiteElo "2506"]
[BlackElo "1973"]
[PlyCount "75"]
[EventDate "2018.01.02"]
[EventType "swiss"]
[EventRounds "9"]
[EventCountry "GRE"]
[SourceTitle "CBM 182 Extra"]
[Source "ChessBase"]
[SourceDate "2018.02.23"]
[SourceVersion "1"]
[SourceVersionDate "2018.02.23"]
[SourceQuality "1"]

1. Nf3 Nf6 2. g3 b6 3. Bg2 Bb7 4. 0-0 c5 5. c4 Nc6 6. Nc3 e6 7. e4 e5 8. d3 d6 9. Qa4 Be7 10. Nh4 0-0 11. Nf5 Nd4 12. Nxe7+ Qxe7 13. f4 Bc6 14. Qd1 exf4 15. gxf4 Nd7 16. f5 f6 17. Be3 Rab8 18. Qd2 a6 19. Rae1 b5 20. b3 Ne5 21. Kh1 Ng4 22. Bg1 Ba8 23. Rf4 Ne5 24. Re3 g5 25. fxg6 hxg6 26. Rg3 Kg7 27. Bxd4 cxd4 28. Ne2 Rh8 29. Nxd4 Kf7 30. Nf3 bxc4 31. dxc4 Rh5 32. Nxe5+ dxe5 33. Rf2 Rbh8 34. h3 Rh4 35. Rd3 Bc6 36. Rd6 Rxh3+ 37. Bxh3 Rxh3+ 38. Kg2 1-0

[Event "Belgrade Trophy 31st"]
[Site "Belgrade"]
[Date "2017.11.26"]
[Round "3"]
[White "Tsikrikonis, Panagiotis"]
[Black "Papadopoulos, Panayotis"]
[Result "0-1"]
[WhiteElo "1985"]
[BlackElo "2179"]
[PlyCount "82"]
[EventDate "2017.11.24"]
[EventType "swiss"]
[EventRounds "9"]
[EventCountry "SRB"]
[SourceTitle "CBM 181 Extra"]
[Source "ChessBase"]
[SourceDate "2017.12.12"]
[SourceVersion "1"]
[SourceVersionDate "2017.12.12"]
[SourceQuality "1"]

1. e4 c5 2. g3 g6 3. Bg2 Bg7 4. Ne2 Nc6 5. 0-0 e5 6. Nbc3 Nge7 7. d3 0-0 8. Be3 d6 9. h3 Be6 10. f4 Qd7 11. Kh2 Nd4 12. Nd5 Bxd5 13. exd5 Nxe2 14. Qxe2 exf4 15. Bxf4 Bxb2 16. Rab1 Bg7 17. h4 Rae8 18. Qd2 Kh8 19. Bh3 Qc7 20. c4 Ng8 21. a4 Be5 22. Bg5 Kg7 23. a5 h6 24. Be3 Qe7 25. Bf4 Bxf4 26. Qxf4 Nf6 27. Rxb7 Qxb7 28. Qxf6+ Kg8 29. Qxd6 Qb2+ 30. Kh1 Qb8 31. Qxb8 Rxb8 32. Rf6 Rfe8 33. Bd7 Re2 34. Bb5 Rd2 35. Ra6 Rb7 36. d6 Rxd3 37. Kg2 Kg7 38. Kh3 h5 39. d7 Rd2 40. Rc6 Rbxd7 41. Rxc5 Re7 0-1

[Event "Sykies-C 1st"]
[Site "Sykies"]
[Date "2014.02.22"]
[Round "2.2"]
[White "Ballas, Athanasios Panag"]
[Black "Tsikrikonis, Panagiotis"]
[Result "1-0"]
[WhiteElo "1856"]
[BlackElo "1996"]
[PlyCount "105"]
[EventDate "2014.02.21"]
[EventType "swiss"]
[EventRounds "9"]
[EventCountry "GRE"]
[SourceTitle "EXT 2024"]
[Source "ChessBase"]
[SourceDate "2023.10.10"]
[SourceVersion "1"]
[SourceVersionDate "2023.10.10"]
[SourceQuality "1"]

1. e4 d6 2. d4 Nd7 3. Nf3 e5 4. Nc3 Ngf6 5. Bg5 c6 6. Qd2 Qa5 7. a3 Be7 8. Be2 h6 9. Bh4 Nf8 10. Bxf6 Bxf6 11. d5 c5 12. b4 cxb4 13. Nb5 Be7 14. Qxb4 Qb6 15. Nd2 Bd7 16. a4 Bxb5 17. Bxb5+ Nd7 18. Bxd7+ Kxd7 19. Qxb6 axb6 20. Nc4 Ra6 21. Kd2 Rha8 22. Rhb1 Kc7 23. Rb4 b5 24. Nb2 bxa4 25. Raxa4 Bg5+ 26. Kd1 b5 27. Rxa6 Rxa6 28. Rxb5 Ra1+ 29. Ke2 Rc1 30. Kd3 Rg1 31. g3 Bc1 32. Ke2 Bxb2 33. Rxb2 g6 34. h4 h5 35. Rb4 f5 36. Rc4+ Kd7 37. Ra4 f4 38. Ra7+ Ke8 39. gxf4 Rg4 40. fxe5 Rxe4+ 41. Kf3 Rxe5 42. c4 g5 43. hxg5 Rxg5 44. Kf4 Re5 45. Ra3 Kf7 46. Re3 Rxe3 47. Kxe3 Kg6 48. Kf4 Kf6 49. Kg3 Ke5 50. Kh4 Kd4 51. Kxh5 Kxc4 52. f4 Kxd5 53. f5 1-0

[Event "Sykies-C 1st"]
[Site "Sykies"]
[Date "2014.02.21"]
[Round "1.3"]
[White "Tsikrikonis, Panagiotis"]
[Black "Giannoulakis, Labros"]
[Result "0-1"]
[WhiteElo "1996"]
[BlackElo "2004"]
[PlyCount "68"]
[EventDate "2014.02.21"]
[EventType "swiss"]
[EventRounds "9"]
[EventCountry "GRE"]
[SourceTitle "EXT 2024"]
[Source "ChessBase"]
[SourceDate "2023.10.10"]
[SourceVersion "1"]
[SourceVersionDate "2023.10.10"]
[SourceQuality "1"]

1. d4 Nf6 2. c4 c5 3. d5 b5 4. f3 bxc4 5. e4 e6 6. Nc3 exd5 7. exd5 d6 8. Bxc4 Nbd7 9. Nh3 Be7 10. 0-0 0-0 11. Nf2 Nb6 12. b3 Nxc4 13. bxc4 Nd7 14. Rb1 Ne5 15. Qe2 Re8 16. f4 Nd7 17. Qd3 Nb6 18. f5 Bf6 19. Nfe4 Bd4+ 20. Kh1 Ba6 21. f6 Bxc4 22. Qg3 g6 23. Bh6 Bxf1 24. Bg7 Be2 25. Qf4 Bd3 26. Rf1 Bxf1 27. Qh6 Re5 28. g4 Be2 29. Kg2 Bxg4 30. Bh8 Qf8 31. Bg7 Rh5 32. Qf4 Qe8 33. Qxg4 Bxc3 34. Ng3 Qa4 0-1

[Event "Thessaloniki Triandria op 5th"]
[Site "Thessaloniki"]
[Date "2012.04.21"]
[Round "5"]
[White "Neroulidis, Mihalis"]
[Black "Tsikrikonis, Panagiotis"]
[Result "0-1"]
[WhiteElo "1786"]
[BlackElo "2041"]
[PlyCount "96"]
[EventDate "2012.04.17"]
[EventType "swiss"]
[EventRounds "7"]
[EventCountry "GRE"]
[SourceTitle "EXT 2014"]
[Source "ChessBase"]
[SourceDate "2013.11.20"]
[SourceVersion "1"]
[SourceVersionDate "2013.11.20"]
[SourceQuality "1"]

1. e4 d5 2. exd5 Qxd5 3. Nc3 Qd6 4. Nb5 Qb6 5. d4 a6 6. Na3 Bf5 7. Nf3 Nd7 8. Bd3 Bxd3 9. Qxd3 e6 10. Nc4 Qc6 11. 0-0 Ngf6 12. Nce5 Nxe5 13. Nxe5 Qd6 14. Qb3 Qb6 15. Qxb6 cxb6 16. Re1 Bd6 17. Nc4 Bc7 18. Bg5 Nd5 19. Ne3 Nxe3 20. Rxe3 Kd7 21. d5 e5 22. c4 h6 23. Bh4 f5 24. f3 Bd6 25. Bf2 Rac8 26. Rc3 Bc5 27. a3 b5 28. cxb5 Bxf2+ 29. Kxf2 Rxc3 30. bxc3 Rc8 31. bxa6 bxa6 32. Rb1 Rxc3 33. Rb7+ Kd6 34. Rb6+ Kxd5 35. Rxa6 Rc2+ 36. Kg3 Kd4 37. Rd6+ Ke3 38. Rd5 f4+ 39. Kh3 Kf2 40. Rxe5 Rd2 41. Re4 g5 42. a4 Kg1 43. Re6 Rxg2 44. Re1+ Kf2 45. Re2+ Kxe2 46. Kxg2 g4 47. a5 gxf3+ 48. Kh3 f2 0-1

[Event "Thessaloniki op"]
[Site "Thessaloniki"]
[Date "2010.04.06"]
[Round "3"]
[White "Tsikrikonis, Panagiotis"]
[Black "Piscopo, Pierluigi"]
[Result "0-1"]
[WhiteElo "2070"]
[BlackElo "2418"]
[PlyCount "54"]
[EventDate "2010.04.04"]
[EventType "swiss"]
[EventRounds "9"]
[EventCountry "GRE"]
[SourceTitle "CBM 135 Extra"]
[Source "ChessBase"]
[SourceDate "2010.05.04"]
[SourceVersion "1"]
[SourceVersionDate "2010.05.04"]
[SourceQuality "1"]

1. d4 Nf6 2. c4 c5 3. d5 e6 4. Nc3 exd5 5. cxd5 d6 6. e4 g6 7. Nge2 Bg7 8. Ng3 0-0 9. Be2 Na6 10. 0-0 Nc7 11. Be3 Re8 12. a4 Rb8 13. h3 a6 14. a5 b5 15. axb6 Rxb6 16. Qd2 h5 17. Bg5 Qd7 18. Rab1 Nh7 19. Bd3 Nxg5 20. Qxg5 Nb5 21. Nxb5 axb5 22. f4 Qd8 23. Qxd8 Rxd8 24. Kf2 c4 25. Bc2 Ra6 26. Rfc1 Ra2 27. Ne2 Bxb2 0-1

[Event "Lefkos Pyrgos op"]
[Site "Lefkos Pyrgos"]
[Date "2010.01.06"]
[Round "5"]
[White "Tsikrikonis, Panagiotis"]
[Black "Galopoulos, Panagiotis"]
[Result "1/2-1/2"]
[WhiteElo "2052"]
[BlackElo "2093"]
[PlyCount "72"]
[EventDate "2010.01.03"]
[EventType "swiss"]
[EventRounds "9"]
[EventCountry "GRE"]
[SourceTitle "CBM 134 Extra"]
[Source "ChessBase"]
[SourceDate "2010.03.03"]
[SourceVersion "1"]
[SourceVersionDate "2010.03.03"]
[SourceQuality "1"]

1. d4 Nf6 2. c4 e6 3. Nf3 Bb4+ 4. Nbd2 b6 5. e3 Bb7 6. Bd3 c5 7. 0-0 cxd4 8. exd4 0-0 9. a3 Be7 10. b4 a5 11. Rb1 axb4 12. axb4 Nc6 13. c5 Nd5 14. b5 Ncb4 15. Nb3 Qb8 16. Ne5 Nc3 17. Qd2 Nxb1 18. Bxb1 bxc5 19. Nxd7 Qc7 20. Nxf8 Bxf8 21. dxc5 Bxc5 22. Ba3 Rxa3 23. Nxc5 Nd5 24. Rc1 Qb6 25. Nxb7 Qxb7 26. Qb2 Ra8 27. Bd3 g6 28. h3 Rd8 29. Be4 Rb8 30. Rb1 Qb6 31. Qb3 Qc5 32. Bxd5 exd5 33. b6 Rb7 34. Qb5 Qxb5 35. Rxb5 Kf8 36. Kf1 Ke7 1/2-1/2